[Event "Wch U20 60th"]
[White "Munoz Morales, Angel Bernardo"]
[Black "McGowan, Cameron"]
[Site "Mexico City"]
[Round "9"]
[Result "0-1"]
[Date "2023.09.30"]
[WhiteElo "1932"]
[BlackElo "2160"]
[PlyCount "86"]
[EventDate "2023.09.21"]
[EventType "swiss"]
[EventRounds "11"]
[EventCountry "MEX"]
[SourceTitle "CBM 216 Extra"]
[Source "ChessBase"]
[SourceDate "2023.11.30"]
[SourceVersion "1"]
[SourceVersionDate "2023.11.30"]
[SourceQuality "1"]

1. e4 c5 2. Nf3 d6 3. d4 cxd4 4. Nxd4 Nf6 5. Nc3 Nc6 6. Bg5 e6 7. Bb5 Bd7 8. Bxc6 bxc6 9. Qf3 h6 10. Bh4 Qb6 11. 0-0-0 Be7 12. Nb3 a5 13. e5 dxe5 14. Bxf6 gxf6 15. Ne4 f5 16. Nd6+ Bxd6 17. Rxd6 a4 18. Na1 Rg8 19. Rhd1 Rd8 20. Qd3 Qb7 21. g3 Rg4 22. c3 Qc7 23. Nc2 c5 24. Ne3 Rd4 25. cxd4 cxd4+ 26. Nc4 Rc8 27. Kb1 Qxc4 28. Qxc4 Rxc4 29. Rc1 Rxc1+ 30. Kxc1 Kd8 31. Ra6 Ke7 32. Ra8 Be8 33. b3 axb3 34. axb3 e4 35. b4 e5 36. Rb8 f4 37. b5 e3 38. fxe3 f3 39. Kd2 f2 40. Ke2 dxe3 41. g4 Bd7 42. Rb7 Kd8 43. h3 Be6 0-1

[Event "Oceania zt 3.6"]
[White "Bassig, Hamish"]
[Black "McGowan, Cameron"]
[Site "Melbourne"]
[Round "8"]
[Result "0-1"]
[Date "2023.01.27"]
[WhiteElo "1973"]
[BlackElo "2175"]
[PlyCount "74"]
[EventDate "2023.01.23"]
[EventType "swiss"]
[EventRounds "9"]
[EventCountry "AUS"]
[SourceTitle "CBM 212 Extra"]
[Source "ChessBase"]
[SourceDate "2023.03.31"]
[SourceVersion "1"]
[SourceVersionDate "2023.03.31"]
[SourceQuality "1"]

1. d4 Nf6 2. Nf3 g6 3. Bf4 Bg7 4. c3 0-0 5. Nbd2 d6 6. e4 Nbd7 7. Be2 c5 8. 0-0 b6 9. h3 cxd4 10. cxd4 Bb7 11. Bd3 e5 12. dxe5 Nxe5 13. Bxe5 dxe5 14. Qe2 Nh5 15. Ba6 Nf4 16. Qb5 Bxa6 17. Qxa6 Qc8 18. Qb5 Qe6 19. Qa6 Rfd8 20. Rac1 Nd3 21. Rc7 Nc5 22. Qc4 Bh6 23. Qxe6 Nxe6 24. Rc2 f6 25. a4 Bxd2 26. Rxd2 Nc5 27. Rfd1 Rxd2 28. Rxd2 Nxa4 29. Nh2 Kf7 30. Rd7+ Ke6 31. Rxh7 Nxb2 32. Nf1 Nc4 33. h4 a5 34. Rc7 b5 35. h5 gxh5 36. Ng3 Kd6 37. Rf7 a4 0-1

[Event "Oceania zt 3.6"]
[White "McGowan, Cameron"]
[Black "Yang, Ray"]
[Site "Melbourne"]
[Round "7"]
[Result "1-0"]
[Date "2023.01.27"]
[WhiteElo "2175"]
[BlackElo "2037"]
[PlyCount "109"]
[EventDate "2023.01.23"]
[EventType "swiss"]
[EventRounds "9"]
[EventCountry "AUS"]
[SourceTitle "CBM 212 Extra"]
[Source "ChessBase"]
[SourceDate "2023.03.31"]
[SourceVersion "1"]
[SourceVersionDate "2023.03.31"]
[SourceQuality "1"]

1. e4 e6 2. d3 d5 3. Nd2 c5 4. Ngf3 Nc6 5. g3 Bd6 6. Bg2 Nge7 7. 0-0 0-0 8. Re1 Qc7 9. a3 Bd7 10. c3 a5 11. Qe2 f6 12. d4 cxd4 13. cxd4 Be8 14. Bh3 Bf7 15. e5 fxe5 16. dxe5 Bc5 17. Nb3 Ba7 18. Be3 Nxe5 19. Bxa7 Nxf3+ 20. Qxf3 Rxa7 21. Qe3 Ra6 22. Nc5 Rc6 23. Nxe6 Bxe6 24. Bxe6+ Kh8 25. Rad1 Rc2 26. Re2 Rxe2 27. Qxe2 Qc5 28. Bh3 Nc6 29. Bg2 d4 30. Qd2 Rd8 31. Be4 Ne5 32. Bxb7 d3 33. Qc3 Qe7 34. Be4 Qd6 35. f4 Qb6+ 36. Kg2 Ng4 37. Rxd3 Re8 38. Qd4 Qe6 39. h3 Nf6 40. Bf3 Qe1 41. Rd1 Qe6 42. Rd2 Qc8 43. Qc3 Qa6 44. Qc6 Qa7 45. g4 Rb8 46. g5 Ng8 47. Qd5 Ne7 48. Qd8+ Ng8 49. Qd4 Qf7 50. Bd5 Qf5 51. Qe5 Qf8 52. Bxg8 Kxg8 53. Qxa5 Qxf4 54. Qd5+ Kf8 55. Rf2 1-0

[Event "Oceania zt 3.6"]
[White "McGowan, Cameron"]
[Black "Koh, Cedric"]
[Site "Melbourne"]
[Round "3"]
[Result "0-1"]
[Date "2023.01.24"]
[WhiteElo "2175"]
[BlackElo "1970"]
[PlyCount "90"]
[EventDate "2023.01.23"]
[EventType "swiss"]
[EventRounds "9"]
[EventCountry "AUS"]
[SourceTitle "CBM 212 Extra"]
[Source "ChessBase"]
[SourceDate "2023.03.31"]
[SourceVersion "1"]
[SourceVersionDate "2023.03.31"]
[SourceQuality "1"]

1. e4 e5 2. Bc4 Nf6 3. d3 Nc6 4. Nf3 Bc5 5. 0-0 0-0 6. Bg5 h6 7. Bh4 Be7 8. Bg3 d6 9. a4 Kh8 10. c3 Ng8 11. d4 f5 12. exf5 e4 13. Ne1 d5 14. Be2 Bxf5 15. Nc2 Bd6 16. Ne3 Nce7 17. c4 Bxg3 18. hxg3 Be6 19. Nc3 c6 20. cxd5 cxd5 21. b4 Nf6 22. b5 Nf5 23. Nxf5 Bxf5 24. a5 Rc8 25. Qd2 Bg4 26. Rfc1 Bxe2 27. Nxe2 Qd7 28. b6 axb6 29. axb6 Rc6 30. Qb4 Rfc8 31. Rxc6 Qxc6 32. Qb2 Qd6 33. Rb1 Rc6 34. Nc3 e3 35. Nb5 Qe6 36. Nc7 Qf5 37. f3 Nd7 38. Re1 Rxb6 39. Qa3 Qc2 40. Nxd5 Qf2+ 41. Kh2 Rg6 42. Nxe3 Qxg3+ 43. Kg1 Qxe1+ 44. Nf1 Qe8 45. Ne3 Re6 0-1

[Event "Sydney NSW op"]
[White "McGowan, Cameron"]
[Black "Banerjee, Niki"]
[Site "Sydney"]
[Round "6"]
[Result "0-1"]
[Date "2022.06.13"]
[WhiteElo "2158"]
[BlackElo "2077"]
[PlyCount "62"]
[EventDate "2022.06.11"]
[EventType "swiss"]
[EventRounds "7"]
[EventCountry "AUS"]
[SourceTitle "CBM 208 Extra"]
[Source "ChessBase"]
[SourceDate "2022.07.31"]
[SourceVersion "1"]
[SourceVersionDate "2022.07.31"]
[SourceQuality "1"]

1. e4 d5 2. exd5 Qxd5 3. Nc3 Qa5 4. d4 Nf6 5. Nf3 c6 6. Ne5 Be6 7. Be2 Nbd7 8. Nc4 Bxc4 9. Bxc4 e6 10. 0-0 Bd6 11. Be3 0-0 12. Bd3 Rad8 13. Qf3 Qc7 14. Qh3 Bf4 15. Qh4 Bxe3 16. fxe3 c5 17. Rf3 h5 18. Qg5 c4 19. Rg3 Ng4 20. Qxh5 f5 21. Be2 Ndf6 22. Qg6 a6 23. a4 Rd7 24. a5 Rc8 25. Ra4 b5 26. axb6 Qxb6 27. Rxc4 Rxc4 28. Bxc4 Rxd4 29. Bb3 Rb4 30. Ne2 Qd6 31. Nd4 Rxd4 0-1

[Event "Sydney NSW op"]
[White "McGowan, Cameron"]
[Black "Bjelobrk, Igor"]
[Site "Sydney"]
[Round "4"]
[Result "0-1"]
[Date "2022.06.12"]
[WhiteElo "2158"]
[BlackElo "2395"]
[PlyCount "68"]
[EventDate "2022.06.11"]
[EventType "swiss"]
[EventRounds "7"]
[EventCountry "AUS"]
[SourceTitle "CBM 208 Extra"]
[Source "ChessBase"]
[SourceDate "2022.07.31"]
[SourceVersion "1"]
[SourceVersionDate "2022.07.31"]
[SourceQuality "1"]

1. e4 e5 2. Nf3 Nc6 3. Bc4 Bc5 4. c3 Nf6 5. d3 d6 6. 0-0 h6 7. Re1 0-0 8. h3 a5 9. Nbd2 a4 10. Bb5 Bd7 11. Bxa4 Rxa4 12. Qxa4 Nb4 13. Qd1 Nxd3 14. Rf1 Ba7 15. Qc2 Nxc1 16. Raxc1 Nh5 17. Kh2 Nf4 18. Qd1 f5 19. Qb3+ Be6 20. c4 Qf6 21. Ng1 Nxg2 22. Qxb7 Nf4 23. Rc3 Bd4 24. Rf3 fxe4 25. Nxe4 Qg6 26. Rg3 Qf7 27. b3 d5 28. Nd2 e4 29. cxd5 Bxd5 30. Qb5 c6 31. Qa4 Ne6 32. Ne2 Be5 33. Nc4 Bc7 34. Qa7 Bxg3+ 0-1

[Event "AUS-ch U18"]
[White "Poberezovsky, Daniel"]
[Black "McGowan, Cameron"]
[Site "Gold Coast"]
[Round "4"]
[Result "0-1"]
[Date "2020.01.20"]
[WhiteElo "1654"]
[BlackElo "2085"]
[PlyCount "100"]
[EventDate "2020.01.18"]
[EventType "swiss"]
[EventRounds "9"]
[EventCountry "AUS"]
[SourceTitle "EXT 2021"]
[Source "ChessBase"]
[SourceDate "2020.10.23"]
[SourceVersion "1"]
[SourceVersionDate "2020.10.23"]
[SourceQuality "1"]

1. c4 Nf6 2. g3 g6 3. Bg2 Bg7 4. Nc3 0-0 5. e4 d6 6. Nge2 c5 7. 0-0 Nc6 8. d3 Ne8 9. Be3 Nd4 10. Qd2 Nc7 11. Bh6 Rb8 12. Bxg7 Kxg7 13. f4 f5 14. Nd5 e6 15. Ne3 b5 16. exf5 gxf5 17. b3 Qf6 18. Rae1 Kh8 19. Nxd4 cxd4 20. Nc2 Bb7 21. Bxb7 Rxb7 22. Qf2 bxc4 23. dxc4 e5 24. c5 Ne6 25. fxe5 dxe5 26. Qg2 Rc7 27. b4 Ng5 28. Qd5 Nf7 29. Qf3 Nh6 30. Qd5 Ng4 31. h3 Rd8 32. Qc4 Nh6 33. Qd3 Qg7 34. Kh2 e4 35. Qd2 Rc6 36. Ne3 Rg8 37. Qf2 dxe3 38. Rxe3 Qe5 39. Qf4 Qe6 40. Ra3 a6 41. Rf2 Re8 42. Qe3 Nf7 43. Rc3 Ne5 44. a4 Rb8 45. Qd4 Kg8 46. Re3 Nf3+ 47. Rfxf3 Qa2+ 48. Kg1 exf3 49. Rxf3 Qb1+ 50. Rf1 Qe4 0-1

[Event "AUS-ch U18"]
[White "Fikh, Anthony"]
[Black "McGowan, Cameron"]
[Site "Gold Coast"]
[Round "2"]
[Result "1-0"]
[Date "2020.01.19"]
[WhiteElo "1860"]
[BlackElo "2085"]
[PlyCount "141"]
[EventDate "2020.01.18"]
[EventType "swiss"]
[EventRounds "9"]
[EventCountry "AUS"]
[SourceTitle "EXT 2021"]
[Source "ChessBase"]
[SourceDate "2020.10.23"]
[SourceVersion "1"]
[SourceVersionDate "2020.10.23"]
[SourceQuality "1"]

1. d4 Nf6 2. c4 g6 3. Nc3 Bg7 4. e4 d6 5. Nf3 0-0 6. Be2 Nbd7 7. 0-0 e5 8. Re1 c6 9. Bf1 exd4 10. Nxd4 Ng4 11. h3 Qf6 12. hxg4 Qxd4 13. Be3 Qf6 14. Qd2 Ne5 15. f3 Qe7 16. Rad1 Be6 17. b3 Rfd8 18. a4 Qc7 19. Rc1 Qa5 20. Red1 Qb4 21. Qc2 Rac8 22. Na2 Qa5 23. Qd2 Qc7 24. Qf2 b6 25. Nb4 Qb7 26. Nd3 Nd7 27. Nf4 Nc5 28. Qc2 a6 29. b4 Nd7 30. Qf2 Qc7 31. Be2 a5 32. Nd5 Bxd5 33. cxd5 Qb7 34. dxc6 Rxc6 35. Rxc6 Qxc6 36. bxa5 bxa5 37. Bb5 Qc7 38. Qd2 Nc5 39. Qd5 Bf6 40. Qc6 Qxc6 41. Bxc6 Rc8 42. Bb5 Be7 43. Kf2 f6 44. Bf4 Ne6 45. Be3 Rc2+ 46. Rd2 Rxd2+ 47. Bxd2 Bd8 48. Bc4 Kf7 49. Ke3 Ke7 50. Bxe6 Kxe6 51. Kd4 Kd7 52. Kd5 Bb6 53. Bc3 Bd8 54. f4 h6 55. Bb2 Be7 56. Ba3 h5 57. gxh5 gxh5 58. e5 dxe5 59. Bxe7 Kxe7 60. fxe5 f5 61. g3 Kd7 62. e6+ Ke7 63. Ke5 f4 64. Kxf4 Kf6 65. e7 Kxe7 66. Kg5 Kf8 67. Kxh5 Kg8 68. Kg6 Kh8 69. g4 Kg8 70. g5 Kh8 71. Kf7 1-0

[Event "AUS-ch U18"]
[White "McGowan, Cameron"]
[Black "Odenthal, Aidan"]
[Site "Gold Coast"]
[Round "1"]
[Result "1-0"]
[Date "2020.01.18"]
[WhiteElo "2085"]
[BlackElo "1765"]
[PlyCount "77"]
[EventDate "2020.01.18"]
[EventType "swiss"]
[EventRounds "9"]
[EventCountry "AUS"]
[SourceTitle "EXT 2021"]
[Source "ChessBase"]
[SourceDate "2020.10.23"]
[SourceVersion "1"]
[SourceVersionDate "2020.10.23"]
[SourceQuality "1"]

1. e4 g6 2. d4 d6 3. Nc3 a6 4. Be3 b5 5. Qd2 Bb7 6. f3 Nd7 7. g4 Bg7 8. Nge2 e6 9. Ng3 Ne7 10. Bh6 Bxh6 11. Qxh6 Ng8 12. Qd2 Qf6 13. Be2 Ne7 14. g5 Qg7 15. h4 h5 16. f4 d5 17. f5 exf5 18. exf5 Nxf5 19. Nxf5 gxf5 20. Qe3+ Kd8 21. 0-0-0 b4 22. Na4 Bc6 23. Nc5 Qg6 24. Qf4 Bb5 25. Bf3 Nb6 26. Bxd5 Nxd5 27. Qe5 Re8 28. Qxd5+ Ke7 29. Qe5+ Kd8 30. Qf4 Ra7 31. d5 Qd6 32. Qxb4 Re4 33. Qc3 Rc4 34. Qh8+ Be8 35. Rhe1 Rxc2+ 36. Kxc2 Qxc5+ 37. Kb1 Qb5 38. d6 c5 39. d7 1-0

[Event "AUS-ch"]
[White "McGowan, Cameron"]
[Black "Bjelobrk, Igor"]
[Site "Sydney"]
[Round "10"]
[Result "0-1"]
[Date "2020.01.12"]
[WhiteElo "2221"]
[BlackElo "2403"]
[PlyCount "50"]
[EventDate "2020.01.02"]
[EventType "swiss"]
[EventRounds "11"]
[EventCountry "AUS"]
[SourceTitle "CBM 194 Extra"]
[Source "ChessBase"]
[SourceDate "2020.03.31"]
[SourceVersion "1"]
[SourceVersionDate "2020.03.31"]
[SourceQuality "1"]

1. e4 c5 2. Nf3 e6 3. c3 Nf6 4. e5 Nd5 5. Bc4 d6 6. d4 cxd4 7. cxd4 Be7 8. 0-0 0-0 9. Qe2 b6 10. Nc3 Nxc3 11. bxc3 Bb7 12. Bf4 Qc7 13. Rac1 Nd7 14. Bd3 Bxf3 15. Qxf3 dxe5 16. dxe5 g6 17. Qg3 Rfd8 18. Bb1 Qc4 19. Rfe1 Nc5 20. Re3 Rd7 21. h4 Rad8 22. Bg5 Rd1+ 23. Re1 Qe2 24. f3 Bxg5 25. hxg5 Qe3+ 0-1

[Event "AUS-ch"]
[White "O'Chee, Kevin"]
[Black "McGowan, Cameron"]
[Site "Sydney"]
[Round "3"]
[Result "1-0"]
[Date "2020.01.04"]
[WhiteElo "2156"]
[BlackElo "2221"]
[PlyCount "113"]
[EventDate "2020.01.02"]
[EventType "swiss"]
[EventRounds "11"]
[EventCountry "AUS"]
[SourceTitle "CBM 194 Extra"]
[Source "ChessBase"]
[SourceDate "2020.03.31"]
[SourceVersion "1"]
[SourceVersionDate "2020.03.31"]
[SourceQuality "1"]

1. c4 Nf6 2. Nc3 g6 3. d4 Bg7 4. g3 0-0 5. Bg2 d6 6. Nf3 Nbd7 7. 0-0 e5 8. e4 exd4 9. Nxd4 Re8 10. h3 a6 11. Re1 Rb8 12. a4 Nc5 13. a5 Nfd7 14. Be3 Ne5 15. b3 Nc6 16. Rb1 f5 17. Nxc6 bxc6 18. Qc2 Nxe4 19. Nxe4 fxe4 20. Bxe4 Bxh3 21. Bxc6 Bf5 22. Qd2 Rf8 23. Bg5 Qc8 24. Be4 Bxe4 25. Rxe4 Qf5 26. Ree1 h6 27. Be3 Qf3 28. Qd1 Bc3 29. Qxf3 Rxf3 30. Kg2 Rf5 31. Rec1 Bxa5 32. Bxh6 Bb6 33. f4 Ra5 34. Re1 Ra2+ 35. Kf3 Kf7 36. Bg5 Re8 37. Rxe8 Kxe8 38. Re1+ Kf8 39. Re6 Kf7 40. Re7+ Kf8 41. Re6 Ra3 42. Rxg6 Rxb3+ 43. Kg4 a5 44. f5 Bd4 45. f6 Be3 46. Kf5 a4 47. g4 a3 48. Bh6+ Bxh6 49. Rxh6 Kg8 50. Kg6 Rf3 51. Rh2 Rf4 52. g5 Rf3 53. Rd2 Re3 54. c5 Re6 55. Rd3 Kf8 56. Rxa3 Ke8 57. c6 1-0

[Event "Wch U16"]
[White "Raahul, VS."]
[Black "McGowan, Cameron"]
[Site "Mumbai"]
[Round "9"]
[Result "1/2-1/2"]
[Date "2019.10.10"]
[WhiteElo "2262"]
[BlackElo "2221"]
[PlyCount "102"]
[EventDate "2019.10.02"]
[EventType "swiss"]
[EventRounds "11"]
[EventCountry "IND"]
[SourceTitle "EXT 2020"]
[Source "ChessBase"]
[SourceDate "2019.10.17"]
[SourceVersion "1"]
[SourceVersionDate "2019.10.17"]
[SourceQuality "1"]

1. c4 Nf6 2. Nc3 g6 3. e4 d6 4. d4 Bg7 5. Be2 0-0 6. Nf3 Na6 7. 0-0 e5 8. dxe5 dxe5 9. Be3 Ng4 10. Bg5 f6 11. Bd2 c6 12. Qc1 f5 13. exf5 gxf5 14. h3 e4 15. hxg4 exf3 16. gxf3 fxg4 17. fxg4 Qh4 18. Bg5 Qh3 19. Qe3 Bxg4 20. Qxh3 Bxh3 21. Rfe1 Bd4 22. Bh4 Rae8 23. Bh5 Re6 24. Rad1 Bf6 25. Rxe6 Bxe6 26. Bxf6 Rxf6 27. Ne4 Rh6 28. b3 Rxh5 29. Nf6+ Kf8 30. Nxh5 Bg4 31. Rd8+ Ke7 32. Ra8 Bxh5 33. Rxa7 Nc5 34. b4 Nd7 35. Rxb7 Bf7 36. c5 Bxa2 37. b5 Ke6 38. Ra7 Bd5 39. b6 Nxc5 40. b7 Nxb7 41. Rxb7 Be4 42. Kf1 c5 43. Rc7 Kd6 44. Rc8 Bf5 45. Rf8 Ke5 46. Ke2 c4 47. Ke3 c3 48. f4+ Ke6 49. Rc8 c2 50. Kd2 Kf7 51. Rxc2 Bxc2 1/2-1/2